LEADER 00542naa a2200145 i 4500 001 000000303739 003 CaOOAMICUS 005 20180831172805.0 008 180831n xx u000 u und u 013 $a11519 040 $aSeMil$bita 100 1 $aSplett, Jörg.$0(OLS)http://semarc/name/20535 245 10$aMenschsein als Frage. 773 0 $tUnser Wissen vom Menschen.$dDüsseldorf : Patmos, 1977.$kSchriften der Katholischen Akademie in Bayern$kPatmos Paperbacks$z3-491-77555-8$w()39635 996 $6245$aMenschsein als Frage$9(OLS)http://semarc/title/379696 LEADER 01386nam a2200277 i 4500 001 000000217091 003 CaOOAMICUS 005 20121122000000.0 008 121122s2011 fr u000 u mul u 013 $a195987 020 $a978-2-204-09755-0 040 $aSeMil$bita 240 10$aFragmenta de vita et miraculis S. Bernardi.$0(OLS)http://semarc/title/311999 245 10$aNotes sur la vie et les miracles de saint Bernard :$bFragmenta 1. /$cGeoffroy d'Auxerre. [précédé de] Fragmenta 2. / Raynaud de Foigny ; introduction, texte, traduction, notes et index par Raffaele Fassetta. 260 $aParis :$bLes Éditions du Cerf,$c2011. 300 $a205 p., [1] c. di tav. :$bfacs. ;$c20 cm. 490 0 $aSources Chrétiennes ;$v548 700 1 $aRainaud de Foigny.$0(OLS)http://semarc/name/76689 700 1 $aFassetta, Raffaele,$c.$0(OLS)http://semarc/name/22018 830 0$aSources chrétiennes ;$v548.$0(OLS)http://semarc/title/72 850 $aSeMil 852 $aSeMil$W1$xVenegono$y1$mSL1.U II 548$j167507$B167507$CSeMilBibl$Z2$F178293 $8I 961 $aSottoscrizione: Cerf (Éditions) 996 $6020$a978-2-204-09755-0$9(OLS)http://semarc/number/214304 996 $6245$aNotes sur la vie et les miracles de saint Bernard :$bFragmenta 1.$9(OLS)http://semarc/title/311998 996 $6260$aParis :$bLes Éditions du Cerf$9(OLS)http://semarc/publisher/29611